Cities by suburb: Ireland - Statistics

General Stats
  • This quiz has been taken 30 times
  • The average score is 5 of 8
Answer Stats
Hint Answer % Correct
Croppy Boy, Matthew Hill, Jacob's Island Cork
95%
Terryland, Ballybrit, Fort Lorenzo Galway
95%
Knock Hill, King's Island, Rhebogue Limerick
90%
Sallypark, Williamstown, Kilbarry Waterford
86%
The Folly, Whitemill, Whiterock Wexford
76%
Kevinsfort, Cleveragh, Ard Finn Sligo
48%
Scribly, Leck, Laurel Hill Letterkenny
5%
Plantation, Cornacassa, Beech Hill Monaghan
5%
No matching quizzes found
Score Distribution
Percent of People with Each Score
Percentile by Number Answered
Your Score History
You have not taken this quiz